000 00326nam a2200121 a 4500
005 20140414131857.0
008 100914s19uu xx 00 eng d
050 _aFIL
_bSa4 1991
100 _aPaterno, Maria Elena
245 _aSampaguita.
260 _aManila, Philippines :
_bCacho Publishing House,
_c1991.
999 _c110524
_d110524